| 000 | 00870cam a22002653a 4500 | ||
|---|---|---|---|
| 001 | 15448 | ||
| 003 | PGUSA | ||
| 005 | 20140828083330.0 | ||
| 008 | 050324s2005||||xxu|||||s|||||000 p eng d | ||
| 040 |
_aPGUSA _beng |
||
| 042 | _adc | ||
| 050 | 4 | _aPR | |
| 100 | 1 |
_aDrayton, Michael, _d1563-1631 |
|
| 245 | 1 | 0 |
_aElizabethan Sonnet Cycles : _bIdea, Fidesa and Chloris _h[electronic resource] / _cMichael Drayton |
| 260 |
_bProject Gutenberg, _c2005 |
||
| 505 | 0 | _aIdea, by Michael Drayton -- Fidessa, by Bartholomew Griffin -- Chloris, by William Smith. | |
| 506 | _aPublic domain in the USA. | ||
| 516 | _aElectronic text | ||
| 653 | _aSonnets, English | ||
| 653 | _aEnglish poetry -- Early modern, 1500-1700 | ||
| 700 | 1 |
_aCrow, Martha Foote, _d1854-1924 |
|
| 830 | 0 |
_aProject Gutenberg _v15448 |
|
| 856 | 4 | 0 | _uhttp://www.gutenberg.org/ebooks/15448 |
| 942 | _cEB | ||
| 999 |
_c244703 _d244703 |
||